000
00311nam a22001457a 4500
082
_a
297.82
100
_a
Hussain, Syed Shaaiq
245
_a
Kalamul Imam, Imamul kalam
250
_a
2003
260
_a
Hyderabad
_b
author
300
_a
187
500
_a
urdu
650
_a
shiah-imams-doctrines
942
_c
BK
999
_c
19870
_d
19870